Doctor Who Actors by Picture Quiz Stats

 Plays Quiz Updated Aug 16, 2017

Score 0/13 Timer 05:00
6 Plays Today
% Correct
Matt Smith
94.2%
David Tennant
92.6%
Christopher Eccleston
88.6%
Tom Baker
87.6%
Peter Capaldi
82%
Jodie Whittaker
73.8%
Colin Baker
71.3%
William Hartnell
69.4%
Sylvester McCoy
68.1%
Peter Davison
67.3%
Jon Pertwee
67.1%
Paul McGann
64.4%
Patrick Troughton
64.3%

You're not logged in!

Compare scores with friends on all Sporcle quizzes.
OR
Log In

You Might Also Like...

Show Comments

Extras

Top Quizzes Today


Score Distribution

Your Account Isn't Verified!

In order to create a playlist on Sporcle, you need to verify the email address you used during registration. Go to your Sporcle Settings to finish the process.

Report this User

Report this user for behavior that violates our Community Guidelines.

Details: